000 00321nam a2200133Ia 4500
008 240624s9999 xx 000 0 und d
041 _aeng
082 _a823 FLY
100 _aFLYNN VINCE
245 _aKILL SHOT
260 _c2012
_aNew Delhi
_bSimon & Schuster
300 _aix, : 385 : p. : cm. ; 18
365 _cRS
_b25
999 _c19935
_d19935